<?xml version="1.0" encoding="UTF-8"?>
<record
    xmlns:xsi="http://www.w3.org/2001/XMLSchema-instance"
    xsi:schemaLocation="http://www.loc.gov/MARC21/slim http://www.loc.gov/standards/marcxml/schema/MARC21slim.xsd"
    xmlns="http://www.loc.gov/MARC21/slim">

  <leader>00825cam a22002532a 4500</leader>
  <datafield tag="999" ind1=" " ind2=" ">
    <subfield code="c">34843</subfield>
    <subfield code="d">34843</subfield>
  </datafield>
  <controlfield tag="001">  002435</controlfield>
  <controlfield tag="003">  AR-FADEU</controlfield>
  <controlfield tag="005">20220404112343.0</controlfield>
  <controlfield tag="008">  311216n1992####xxu####################dd</controlfield>
  <datafield tag="020" ind1=" " ind2=" ">
    <subfield code="a">84-7432-439-4</subfield>
  </datafield>
  <datafield tag="040" ind1=" " ind2=" ">
    <subfield code="c">Biblioteca Ernesto S&#xE1;bato</subfield>
  </datafield>
  <datafield tag="092" ind1=" " ind2=" ">
    <subfield code="a">320.51</subfield>
    <subfield code="b">K39</subfield>
    <subfield code="e">JLS</subfield>
  </datafield>
  <datafield tag="245" ind1=" " ind2=" ">
    <subfield code="a">La JUSTICIA: Discurso o mercado? : Los nuevos enfoques de la teor&#xED;a contractualista</subfield>
  </datafield>
  <datafield tag="260" ind1=" " ind2=" ">
    <subfield code="a">Barcelona</subfield>
  </datafield>
  <datafield tag="260" ind1=" " ind2=" ">
    <subfield code="b">Gedisa</subfield>
  </datafield>
  <datafield tag="260" ind1=" " ind2=" ">
    <subfield code="c">1992</subfield>
  </datafield>
  <datafield tag="300" ind1=" " ind2=" ">
    <subfield code="a">295 p.</subfield>
  </datafield>
  <datafield tag="440" ind1=" " ind2=" ">
    <subfield code="a">Estudios alemanes</subfield>
  </datafield>
  <datafield tag="500" ind1=" " ind2=" ">
    <subfield code="a">Contiene art&#xED;culos de varios autores: Viktor Vanberg; Reinhard Wippler; Peter Koller; Klaus Eder;Lucian Kern; etc.</subfield>
  </datafield>
  <datafield tag="650" ind1=" " ind2=" ">
    <subfield code="a">CONTRATO SOCIAL-JUSTICIA; INSTITUCIONES SOCIALES-CONTRATO SOCIAL /JLS/</subfield>
  </datafield>
  <datafield tag="700" ind1=" " ind2=" ">
    <subfield code="a">Lucian, kern</subfield>
  </datafield>
  <datafield tag="700" ind1=" " ind2=" ">
    <subfield code="a">Hans Peter, Muller</subfield>
  </datafield>
  <datafield tag="942" ind1=" " ind2=" ">
    <subfield code="c">JLS</subfield>
    <subfield code="2">ddc</subfield>
  </datafield>
  <datafield tag="952" ind1=" " ind2=" ">
    <subfield code="0">0</subfield>
    <subfield code="1">0</subfield>
    <subfield code="2">ddc</subfield>
    <subfield code="4">0</subfield>
    <subfield code="7">0</subfield>
    <subfield code="a">AR-FADEU</subfield>
    <subfield code="b">AR-FADEU</subfield>
    <subfield code="d">2022-04-04</subfield>
    <subfield code="i">393</subfield>
    <subfield code="l">0</subfield>
    <subfield code="o">320.52 K39</subfield>
    <subfield code="p">393</subfield>
    <subfield code="r">2022-04-04 00:00:00</subfield>
    <subfield code="w">2022-04-04</subfield>
    <subfield code="y">JLS</subfield>
  </datafield>
</record>
